[Event "FIDE Online-ch U12 Girls 2020"]
[Site "Online"]
[Date "2020.12.19"]
[Round "2.1"]
[White "Huang, Wendy"]
[Black "Tang, Zoey"]
[Result "0-1"]
[WhiteElo "1860"]
[BlackElo "1871"]
[Annotator "NA"]
[PlyCount "86"]
[EventDate "2020.12.18"]
[EventType "k.o."]
[EventCountry "NET"]
[SourceTitle "playchess.com"]
[Source "ChessBase"]
[SourceQuality "1"]

1. e4 {[%emt 0:00:00]} c5 {[%emt 0:00:03]} 2. Nf3 {[%emt 0:00:02]} a6 {[%emt 0:00:01]} 3. c4 {[%emt 0:00:06]} e6 {[%emt 0:00:04]} 4. d4 {[%emt 0:00:05]} cxd4 {[%emt 0:00:02]} 5. Nxd4 {[%emt 0:00:02]} d6 {[%emt 0:00:01]} 6. Nc3 {[%emt 0:00:09]} b6 {[%emt 0:00:14]} 7. Be3 {[%emt 0:00:13]} Bb7 {[%emt 0:00:06]} 8. Be2 {[%emt 0:00:11]} Nf6 {[%emt 0:00:18]} 9. f3 {[%emt 0:00:09]} Nbd7 {[%emt 0:00:07]} 10. O-O {[%emt 0:00:08]} Be7 {[%emt 0:00:04]} 11. Qd2 {[%emt 0:00:16]} O-O {[%emt 0:00:12]} 12. Rac1 {[%emt 0:00:35]} Rc8 {[%emt 0:00:03]} 13. b4 {[%emt 0:01:49]} Re8 {[%emt 0:00:09]} 14. a3 {[%emt 0:00:08]} Qc7 {[%emt 0:00:39]} 15. Nb3 {[%emt 0:00:15]} Qb8 {[%emt 0:00:11]} 16. Rfd1 {[%emt 0:00:14]} Ba8 {[%emt 0:00:32]} 17. Kh1 {[%emt 0:01:09]} h5 {[%emt 0:01:15]} 18. Bf2 {[%emt 0:00:54]} Bf8 {[%emt 0:00:32]} 19. Bf1 {[%emt 0:00:57]} Ne5 {[%emt 0:01:28]} 20. Qd4 {[%emt 0:00:34]} Ned7 {[%emt 0:01:06]} 21. Na4 {[%emt 0:01:03]} Rc6 {[%emt 0:01:32]} 22. b5 {[%emt 0:02:17]} axb5 {[%emt 0:00:05]} 23. cxb5 {[%emt 0:00:03]} Rxc1 {[%emt 0:00:03]} 24. Rxc1 {[%emt 0:00:10]} Nc5 {[%emt 0:00:02]} 25. Naxc5 {[%emt 0:00:29]} dxc5 {[%emt 0:00:04]} 26. Qc3 {[%emt 0:00:42]} Rd8 {[%emt 0:00:24]} 27. Bg3 {[%emt 0:00:24]} Qa7 {[%emt 0:00:16]} 28. Nd2 {[%emt 0:00:45]} Be7 {[%emt 0:00:33]} 29. Nc4 {[%emt 0:00:41]} h4 {[%emt 0:00:25]} 30. Bxh4 {[%emt 0:01:35]} Nxe4 {[%emt 0:00:12]} 31. Qe1 {[%emt 0:00:45]} Bxh4 {[%emt 0:00:34]} 32. Qxh4 {[%emt 0:00:02]} Nf6 {[%emt 0:00:01]} 33. Qf2 {[%emt 0:00:41]} g6 {[%emt 0:01:04]} 34. Qc2 {[%emt 0:00:35]} Kg7 {[%emt 0:00:27]} 35. Rd1 {[%emt 0:00:04]} Rh8 {[%emt 0:00:43]} 36. Kg1 {[%emt 0:00:40]} Qc7 {[%emt 0:00:17]} 37. Nd6 {[%emt 0:00:22]} Bd5 {[%emt 0:00:19]} 38. Nc4 {[%emt 0:00:48]} Qxh2+ {[%emt 0:00:03]} 39. Kf2 {[%emt 0:00:02]} Qf4 {[%emt 0:00:56]} 40. Kg1 {[%emt 0:00:37]} Bxc4 {[%emt 0:00:15]} 41. Bxc4 {[%emt 0:00:20]} Qe3+ {[%emt 0:00:02]} 42. Qf2 {[%emt 0:00:11]} Rh1+ {[%emt 0:00:03]} 43. Kxh1 {[%emt 0:00:03]} Qxf2 {[%emt 0:00:02]} 0-1

[Event "FIDE Online-ch U12 Girls 2020"]
[Site "Online"]
[Date "2020.12.19"]
[Round "2.1"]
[White "Kirtadze, Anastasia"]
[Black "Shvedova, Alexandra"]
[Result "0-1"]
[WhiteElo "1810"]
[BlackElo "1994"]
[Annotator "NA"]
[PlyCount "116"]
[EventDate "2020.12.18"]
[EventType "k.o."]
[EventCountry "NET"]
[SourceTitle "playchess.com"]
[Source "ChessBase"]
[SourceQuality "1"]

1. Nf3 {[%emt 0:00:00]} d5 {[%emt 0:00:03]} 2. c4 {[%emt 0:00:04]} e6 {[%emt 0:00:03]} 3. e3 {[%emt 0:00:03]} Nf6 {[%emt 0:00:04]} 4. Nc3 {[%emt 0:00:03]} Be7 {[%emt 0:00:19]} 5. Be2 {[%emt 0:00:03]} c5 {[%emt 0:00:07]} 6. cxd5 {[%emt 0:00:10]} exd5 {[%emt 0:00:22]} 7. d4 {[%emt 0:00:06]} O-O {[%emt 0:00:18]} 8. O-O {[%emt 0:00:04]} Nc6 {[%emt 0:00:06]} 9. b3 {[%emt 0:00:19]} Bf5 {[%emt 0:01:04]} 10. Bb2 {[%emt 0:00:08]} Rc8 {[%emt 0:00:14]} 11. dxc5 {[%emt 0:01:13]} Bxc5 {[%emt 0:00:24]} 12. Na4 {[%emt 0:00:07]} Be7 {[%emt 0:00:28]} 13. Rc1 {[%emt 0:00:07]} a6 {[%emt 0:02:53]} 14. Nd4 {[%emt 0:00:51]} Nxd4 {[%emt 0:00:18]} 15. Bxd4 {[%emt 0:00:13]} Rxc1 {[%emt 0:00:59]} 16. Qxc1 {[%emt 0:00:04]} Qb8 {[%emt 0:00:29]} 17. Nb6 {[%emt 0:00:32]} Rd8 {[%emt 0:00:34]} 18. Rd1 {[%emt 0:00:38]} Ng4 {[%emt 0:02:48]} 19. Bxg4 {[%emt 0:01:20]} Bxg4 {[%emt 0:00:04]} 20. Rd2 {[%emt 0:00:03]} Bd6 {[%emt 0:00:30]} 21. h3 {[%emt 0:00:11]} Be6 {[%emt 0:00:03]} 22. Qd1 {[%emt 0:00:59]} Bh2+ {[%emt 0:02:05]} 23. Kh1 {[%emt 0:00:14]} Bc7 {[%emt 0:00:03]} 24. Na4 {[%emt 0:00:53]} Qc8 {[%emt 0:00:19]} 25. Bb6 {[%emt 0:01:00]} Bxb6 {[%emt 0:00:24]} 26. Nxb6 {[%emt 0:00:05]} Qc6 {[%emt 0:00:02]} 27. Nc4 {[%emt 0:00:54]} Bxh3 {[%emt 0:01:31]} 28. Ne5 {[%emt 0:00:26]} Qe6 {[%emt 0:00:21]} 29. gxh3 {[%emt 0:00:54]} Qxe5 {[%emt 0:00:02]} 30. Qg4 {[%emt 0:00:04]} h6 {[%emt 0:00:30]} 31. Rd4 {[%emt 0:00:31]} Kf8 {[%emt 0:00:55]} 32. a4 {[%emt 0:00:25]} b6 {[%emt 0:00:40]} 33. b4 {[%emt 0:00:35]} Qg5 {[%emt 0:00:24]} 34. Qxg5 {[%emt 0:01:00]} hxg5 {[%emt 0:00:02]} 35. e4 {[%emt 0:00:15]} Ke7 {[%emt 0:00:02]} 36. exd5 {[%emt 0:00:04]} Kd6 {[%emt 0:00:03]} 37. Rg4 {[%emt 0:00:30]} f6 {[%emt 0:00:06]} 38. f4 {[%emt 0:00:08]} Kxd5 {[%emt 0:00:07]} 39. fxg5 {[%emt 0:00:03]} f5 {[%emt 0:00:02]} 40. Rf4 {[%emt 0:00:06]} Ke5 {[%emt 0:00:01]} 41. Rc4 {[%emt 0:00:08]} Rd6 {[%emt 0:00:47]} 42. Kg2 {[%emt 0:00:22]} f4 {[%emt 0:00:17]} 43. h4 {[%emt 0:00:13]} Kf5 {[%emt 0:00:06]} 44. Kf3 {[%emt 0:00:51]} Rd3+ {[%emt 0:00:03]} 45. Ke2 {[%emt 0:00:03]} Ra3 {[%emt 0:00:15]} 46. Rc6 {[%emt 0:00:30]} Rxa4 {[%emt 0:00:05]} 47. Rxb6 {[%emt 0:00:03]} Kg4 {[%emt 0:00:06]} 48. b5 {[%emt 0:00:55]} axb5 {[%emt 0:00:12]} 49. Rxb5 {[%emt 0:00:03]} Kg3 {[%emt 0:00:03]} 50. h5 {[%emt 0:02:49]} f3+ {[%emt 0:00:16]} 51. Ke3 {[%emt 0:00:08]} Rf4 {[%emt 0:00:32]} 52. h6 {[%emt 0:00:12]} f2 {[%emt 0:00:27]} 53. Rb1 {[%emt 0:00:06]} gxh6 {[%emt 0:00:11]} 54. g6 {[%emt 0:00:04]} f1=Q {[%emt 0:00:16]} 55. Rxf1 {[%emt 0:00:35]} Rxf1 {[%emt 0:00:02]} 56. g7 {[%emt 0:00:02]} Re1+ {[%emt 0:00:01]} 57. Kd4 {[%emt 0:00:02]} Re8 {[%emt 0:00:02]} 58. Kd5 {[%emt 0:00:03]} Rg8 {[%emt 0:00:02]} 0-1

[Event "FIDE Online-ch U12 Girls 2020"]
[Site "Online"]
[Date "2020.12.19"]
[Round "2.2"]
[White "Shvedova, Alexandra"]
[Black "Kirtadze, Anastasia"]
[Result "0-1"]
[WhiteElo "1994"]
[BlackElo "1810"]
[Annotator "NA"]
[PlyCount "116"]
[EventDate "2020.12.18"]
[EventType "k.o."]
[EventCountry "NET"]
[SourceTitle "playchess.com"]
[Source "ChessBase"]
[SourceQuality "1"]

1. e4 {[%emt 0:00:00]} c5 {[%emt 0:00:04]} 2. Ne2 {[%emt 0:00:03]} Nf6 {[%emt 0:00:04]} 3. Nbc3 {[%emt 0:00:02]} d6 {[%emt 0:00:10]} 4. g3 {[%emt 0:00:03]} g6 {[%emt 0:00:05]} 5. Bg2 {[%emt 0:00:02]} Bg7 {[%emt 0:00:04]} 6. O-O {[%emt 0:00:02]} O-O {[%emt 0:00:01]} 7. d3 {[%emt 0:00:02]} Nc6 {[%emt 0:00:05]} 8. h3 {[%emt 0:00:05]} Rb8 {[%emt 0:00:05]} 9. g4 {[%emt 0:00:13]} b5 {[%emt 0:00:40]} 10. Ng3 {[%emt 0:00:04]} a5 {[%emt 0:00:28]} 11. f4 {[%emt 0:00:30]} Bd7 {[%emt 0:00:07]} 12. f5 {[%emt 0:01:54]} b4 {[%emt 0:00:49]} 13. Nce2 {[%emt 0:00:03]} a4 {[%emt 0:01:16]} 14. Be3 {[%emt 0:02:23]} Ne5 {[%emt 0:01:21]} 15. Qd2 {[%emt 0:01:23]} Bc6 {[%emt 0:01:13]} 16. Bh6 {[%emt 0:01:22]} b3 {[%emt 0:02:56]} 17. axb3 {[%emt 0:03:25]} axb3 {[%emt 0:00:06]} 18. c3 {[%emt 0:00:02]} Rb7 {[%emt 0:00:45]} 19. Bxg7 {[%emt 0:00:37]} Kxg7 {[%emt 0:00:05]} 20. Nf4 {[%emt 0:00:03]} Ng8 {[%emt 0:03:36]} 21. Rf2 {[%emt 0:01:58]} Bd7 {[%emt 0:00:54]} 22. Raf1 {[%emt 0:00:37]} f6 {[%emt 0:00:55]} 23. g5 {[%emt 0:00:46]} Nf7 {[%emt 0:00:23]} 24. h4 {[%emt 0:00:24]} Rb8 {[%emt 0:00:16]} 25. gxf6+ {[%emt 0:00:36]} exf6 {[%emt 0:00:12]} 26. Qd1 {[%emt 0:00:38]} Ngh6 {[%emt 0:00:24]} 27. Bh3 {[%emt 0:00:33]} Ne5 {[%emt 0:00:39]} 28. fxg6 {[%emt 0:00:31]} hxg6 {[%emt 0:00:08]} 29. Ne6+ {[%emt 0:00:23]} Bxe6 {[%emt 0:00:04]} 30. Bxe6 {[%emt 0:00:02]} Qe7 {[%emt 0:00:21]} 31. Bh3 {[%emt 0:00:06]} c4 {[%emt 0:00:28]} 32. d4 {[%emt 0:00:15]} Nd3 {[%emt 0:00:05]} 33. Rg2 {[%emt 0:00:03]} Kh7 {[%emt 0:00:06]} 34. h5 {[%emt 0:00:12]} g5 {[%emt 0:00:07]} 35. Nf5 {[%emt 0:00:16]} Nxf5 {[%emt 0:00:17]} 36. Bxf5+ {[%emt 0:00:04]} Kh8 {[%emt 0:00:20]} 37. Qg4 {[%emt 0:00:14]} Rb7 {[%emt 0:00:24]} 38. h6 {[%emt 0:00:15]} Qd8 {[%emt 0:00:33]} 39. h7 {[%emt 0:00:33]} Rg7 {[%emt 0:00:08]} 40. Rh2 {[%emt 0:00:14]} d5 {[%emt 0:00:17]} 41. exd5 {[%emt 0:00:16]} Nf4 {[%emt 0:00:02]} 42. Qf3 {[%emt 0:00:11]} Nxd5 {[%emt 0:00:18]} 43. Be6 {[%emt 0:00:10]} Ne7 {[%emt 0:00:06]} 44. Bxc4 {[%emt 0:00:03]} g4 {[%emt 0:00:04]} 45. Qg3 {[%emt 0:00:08]} f5 {[%emt 0:00:14]} 46. Bd3 {[%emt 0:00:02]} Qb6 {[%emt 0:00:09]} 47. Qe5 {[%emt 0:00:18]} Ng6 {[%emt 0:00:04]} 48. Qc5 {[%emt 0:00:21]} Qb8 {[%emt 0:00:08]} 49. Qe5 {[%emt 0:00:02]} Nxe5 {[%emt 0:00:04]} 50. dxe5 {[%emt 0:00:02]} Qxe5 {[%emt 0:00:03]} 51. Bb1 {[%emt 0:00:08]} g3 {[%emt 0:00:04]} 52. Rg2 {[%emt 0:00:04]} f4 {[%emt 0:00:03]} 53. Rf3 {[%emt 0:00:08]} Qc5+ {[%emt 0:00:04]} 54. Kh1 {[%emt 0:00:04]} Re7 {[%emt 0:00:07]} 55. Rf1 {[%emt 0:00:04]} Qh5+ {[%emt 0:00:08]} 56. Kg1 {[%emt 0:00:02]} Re2 {[%emt 0:00:07]} 57. Rxe2 {[%emt 0:00:07]} Qxe2 {[%emt 0:00:04]} 58. Bg6 {[%emt 0:00:02]} Qh2# {[%emt 0:00:02]} 0-1

[Event "FIDE Online-ch U12 Girls 2020"]
[Site "Online"]
[Date "2020.12.19"]
[Round "2.2"]
[White "Tang, Zoey"]
[Black "Huang, Wendy"]
[Result "1-0"]
[WhiteElo "1871"]
[BlackElo "1860"]
[Annotator "NA"]
[PlyCount "73"]
[EventDate "2020.12.18"]
[EventType "k.o."]
[EventCountry "NET"]
[SourceTitle "playchess.com"]
[Source "ChessBase"]
[SourceQuality "1"]

1. d4 {[%emt 0:00:00]} Nf6 {[%emt 0:00:03]} 2. Bg5 {[%emt 0:00:02]} g6 {[%emt 0:00:06]} 3. Bxf6 {[%emt 0:00:02]} exf6 {[%emt 0:00:01]} 4. e3 {[%emt 0:00:01]} d5 {[%emt 0:00:03]} 5. g3 {[%emt 0:00:02]} Bg7 {[%emt 0:00:04]} 6. Bg2 {[%emt 0:00:01]} O-O {[%emt 0:00:08]} 7. Ne2 {[%emt 0:00:02]} c6 {[%emt 0:00:05]} 8. Nd2 {[%emt 0:00:04]} Nd7 {[%emt 0:00:06]} 9. O-O {[%emt 0:00:03]} Nb6 {[%emt 0:00:12]} 10. b3 {[%emt 0:00:03]} Re8 {[%emt 0:00:37]} 11. c4 {[%emt 0:00:26]} Bf5 {[%emt 0:00:17]} 12. cxd5 {[%emt 0:00:37]} cxd5 {[%emt 0:00:20]} 13. Nc3 {[%emt 0:00:47]} Rc8 {[%emt 0:01:04]} 14. Rc1 {[%emt 0:00:10]} Qd7 {[%emt 0:00:29]} 15. Re1 {[%emt 0:00:39]} h5 {[%emt 0:00:48]} 16. a4 {[%emt 0:00:49]} a5 {[%emt 0:00:58]} 17. Qe2 {[%emt 0:00:26]} Qe6 {[%emt 0:01:52]} 18. Qb5 {[%emt 0:01:05]} Red8 {[%emt 0:01:07]} 19. Qxa5 {[%emt 0:03:05]} h4 {[%emt 0:03:48]} 20. Qb5 {[%emt 0:00:19]} h3 {[%emt 0:01:16]} 21. Bh1 {[%emt 0:00:17]} Bf8 {[%emt 0:02:05]} 22. b4 {[%emt 0:01:11]} Qd6 {[%emt 0:00:37]} 23. a5 {[%emt 0:00:20]} Nc4 {[%emt 0:00:08]} 24. Nxc4 {[%emt 0:00:08]} Rxc4 {[%emt 0:00:22]} 25. Nxd5 {[%emt 0:00:16]} Rxc1 {[%emt 0:00:37]} 26. Rxc1 {[%emt 0:00:03]} Kg7 {[%emt 0:00:53]} 27. Bf3 {[%emt 0:02:31]} Bd7 {[%emt 0:00:28]} 28. Qe2 {[%emt 0:00:51]} Bc6 {[%emt 0:00:13]} 29. Nf4 {[%emt 0:00:34]} Bxf3 {[%emt 0:00:19]} 30. Qxf3 {[%emt 0:00:01]} Qxb4 {[%emt 0:00:07]} 31. Nxh3 {[%emt 0:00:07]} Qxa5 {[%emt 0:00:20]} 32. Qxb7 {[%emt 0:00:07]} Qh5 {[%emt 0:00:18]} 33. Nf4 {[%emt 0:00:05]} Qf5 {[%emt 0:00:23]} 34. Rc7 {[%emt 0:00:13]} Bd6 {[%emt 0:00:08]} 35. Rxf7+ {[%emt 0:00:03]} Kh6 {[%emt 0:00:03]} 36. Rh7+ {[%emt 0:00:10]} Kg5 {[%emt 0:00:02]} 37. Nh3+ {[%emt 0:00:07]} 1-0

[Event "FIDE Online-ch U12 Girls 2020"]
[Site "Online"]
[Date "2020.12.19"]
[Round "2.2"]
[White "Mou, Iris"]
[Black "Lee, Alice"]
[Result "0-1"]
[WhiteElo "1828"]
[BlackElo "1967"]
[Annotator "NA"]
[PlyCount "118"]
[EventDate "2020.12.18"]
[EventType "k.o."]
[EventCountry "NET"]
[SourceTitle "playchess.com"]
[Source "ChessBase"]
[SourceQuality "1"]

1. e4 {[%emt 0:00:00]} c6 {[%emt 0:00:03]} 2. d4 {[%emt 0:00:06]} d5 {[%emt 0:00:01]} 3. exd5 {[%emt 0:00:02]} cxd5 {[%emt 0:00:02]} 4. Bd3 {[%emt 0:00:02]} Nc6 {[%emt 0:00:02]} 5. c3 {[%emt 0:00:01]} Nf6 {[%emt 0:00:03]} 6. Bf4 {[%emt 0:00:04]} Bg4 {[%emt 0:00:01]} 7. Qb3 {[%emt 0:00:04]} Qd7 {[%emt 0:00:02]} 8. Nd2 {[%emt 0:00:03]} e6 {[%emt 0:00:01]} 9. Ngf3 {[%emt 0:00:02]} Bd6 {[%emt 0:00:02]} 10. Bxd6 {[%emt 0:00:02]} Qxd6 {[%emt 0:00:01]} 11. O-O {[%emt 0:00:07]} O-O {[%emt 0:00:20]} 12. Rae1 {[%emt 0:00:04]} Ne7 {[%emt 0:00:24]} 13. Ne5 {[%emt 0:00:24]} Bf5 {[%emt 0:00:30]} 14. Bxf5 {[%emt 0:00:29]} Nxf5 {[%emt 0:00:03]} 15. Qd1 {[%emt 0:00:14]} Nd7 {[%emt 0:00:37]} 16. Qh5 {[%emt 0:00:48]} Nxe5 {[%emt 0:00:28]} 17. dxe5 {[%emt 0:00:42]} Qb6 {[%emt 0:01:12]} 18. Re2 {[%emt 0:02:05]} Ne7 {[%emt 0:01:00]} 19. Nf3 {[%emt 0:00:38]} Ng6 {[%emt 0:01:58]} 20. h4 {[%emt 0:02:27]} Nf4 {[%emt 0:00:34]} 21. Qg4 {[%emt 0:01:03]} Nxe2+ {[%emt 0:00:04]} 22. Kh2 {[%emt 0:00:12]} f5 {[%emt 0:01:05]} 23. Qa4 {[%emt 0:01:00]} Qa6 {[%emt 0:01:21]} 24. Qxa6 {[%emt 0:02:22]} bxa6 {[%emt 0:00:03]} 25. g3 {[%emt 0:00:05]} d4 {[%emt 0:00:45]} 26. cxd4 {[%emt 0:00:09]} Rac8 {[%emt 0:00:14]} 27. Rd1 {[%emt 0:00:21]} Nc1 {[%emt 0:00:13]} 28. Ng5 {[%emt 0:00:30]} Rfe8 {[%emt 0:00:32]} 29. a3 {[%emt 0:01:08]} h6 {[%emt 0:00:04]} 30. Nf3 {[%emt 0:00:03]} Nb3 {[%emt 0:00:01]} 31. Rd3 {[%emt 0:00:25]} Na5 {[%emt 0:00:03]} 32. h5 {[%emt 0:00:13]} Nc4 {[%emt 0:00:03]} 33. Rb3 {[%emt 0:00:14]} Rb8 {[%emt 0:00:03]} 34. Rc3 {[%emt 0:00:07]} Nxb2 {[%emt 0:00:03]} 35. Rc7 {[%emt 0:00:05]} Rbc8 {[%emt 0:00:16]} 36. Rxa7 {[%emt 0:00:10]} Rc2 {[%emt 0:00:03]} 37. Nh4 {[%emt 0:00:44]} Rxf2+ {[%emt 0:00:18]} 38. Kh3 {[%emt 0:00:05]} Rc2 {[%emt 0:00:37]} 39. Ng6 {[%emt 0:00:11]} Rd2 {[%emt 0:00:48]} 40. d5 {[%emt 0:01:02]} Rxd5 {[%emt 0:00:14]} 41. Ne7+ {[%emt 0:00:15]} Rxe7 {[%emt 0:00:03]} 42. Rxe7 {[%emt 0:00:02]} Rxe5 {[%emt 0:00:03]} 43. g4 {[%emt 0:00:36]} Re3+ {[%emt 0:00:09]} 44. Kh4 {[%emt 0:00:15]} Re4 {[%emt 0:00:03]} 45. Kh3 {[%emt 0:00:04]} fxg4+ {[%emt 0:00:11]} 46. Kg3 {[%emt 0:00:02]} Nc4 {[%emt 0:00:04]} 47. Ra7 {[%emt 0:00:11]} Nxa3 {[%emt 0:00:02]} 48. Rxa6 {[%emt 0:00:08]} Nc4 {[%emt 0:00:06]} 49. Rc6 {[%emt 0:00:08]} Kf7 {[%emt 0:00:08]} 50. Kh4 {[%emt 0:00:55]} Ne3 {[%emt 0:00:11]} 51. Rc5 {[%emt 0:00:20]} Nf5+ {[%emt 0:00:04]} 52. Rxf5+ {[%emt 0:00:02]} exf5 {[%emt 0:00:02]} 53. Kg3 {[%emt 0:00:02]} Kf6 {[%emt 0:00:02]} 54. Kh4 {[%emt 0:00:04]} g3+ {[%emt 0:00:02]} 55. Kxg3 {[%emt 0:00:02]} Kg5 {[%emt 0:00:01]} 56. Kh3 {[%emt 0:00:02]} Kxh5 {[%emt 0:00:02]} 57. Kh2 {[%emt 0:00:02]} Kh4 {[%emt 0:00:01]} 58. Kh1 {[%emt 0:00:03]} Kg3 {[%emt 0:00:02]} 59. Kg1 {[%emt 0:00:01]} Re1# {[%emt 0:00:02]} 0-1

[Event "FIDE Online-ch U12 Girls 2020"]
[Site "Online"]
[Date "2020.12.19"]
[Round "2.2"]
[White "Anupam M Sreekumar"]
[Black "Kleymenova, Valeria"]
[Result "0-1"]
[WhiteElo "1798"]
[BlackElo "2018"]
[Annotator "NA"]
[PlyCount "76"]
[EventDate "2020.12.18"]
[EventType "k.o."]
[EventCountry "NET"]
[SourceTitle "playchess.com"]
[Source "ChessBase"]
[SourceQuality "1"]

1. e4 {[%emt 0:00:00]} c5 {[%emt 0:00:02]} 2. Nf3 {[%emt 0:00:04]} e6 {[%emt 0:00:02]} 3. c4 {[%emt 0:00:02]} Nc6 {[%emt 0:00:10]} 4. Nc3 {[%emt 0:00:02]} Nd4 {[%emt 0:00:05]} 5. Nxd4 {[%emt 0:01:03]} cxd4 {[%emt 0:00:02]} 6. Ne2 {[%emt 0:00:02]} e5 {[%emt 0:00:08]} 7. d3 {[%emt 0:00:03]} Bb4+ {[%emt 0:00:04]} 8. Bd2 {[%emt 0:00:05]} Bxd2+ {[%emt 0:00:02]} 9. Qxd2 {[%emt 0:00:01]} d6 {[%emt 0:00:07]} 10. Ng3 {[%emt 0:00:17]} Ne7 {[%emt 0:00:15]} 11. Be2 {[%emt 0:00:07]} O-O {[%emt 0:00:07]} 12. O-O {[%emt 0:00:03]} f5 {[%emt 0:01:25]} 13. exf5 {[%emt 0:00:48]} Bxf5 {[%emt 0:01:42]} 14. Nxf5 {[%emt 0:00:38]} Nxf5 {[%emt 0:00:06]} 15. Bf3 {[%emt 0:00:03]} Rb8 {[%emt 0:00:43]} 16. Bd5+ {[%emt 0:00:52]} Kh8 {[%emt 0:00:03]} 17. Rae1 {[%emt 0:00:35]} Qf6 {[%emt 0:00:59]} 18. Be4 {[%emt 0:01:04]} Rf7 {[%emt 0:02:18]} 19. Bd5 {[%emt 0:02:09]} Re7 {[%emt 0:00:20]} 20. f4 {[%emt 0:01:26]} Qh6 {[%emt 0:02:47]} 21. Be4 {[%emt 0:02:17]} Ne3 {[%emt 0:01:06]} 22. Rf3 {[%emt 0:00:15]} exf4 {[%emt 0:02:10]} 23. Rh3 {[%emt 0:00:25]} Qg5 {[%emt 0:00:42]} 24. Bxh7 {[%emt 0:00:28]} Rf8 {[%emt 0:01:01]} 25. Qe2 {[%emt 0:00:53]} g6 {[%emt 0:01:07]} 26. Bxg6+ {[%emt 0:00:08]} Kg7 {[%emt 0:00:04]} 27. Be4 {[%emt 0:00:41]} Rh8 {[%emt 0:01:01]} 28. Qf3 {[%emt 0:01:00]} Rxh3 {[%emt 0:00:12]} 29. Qxh3 {[%emt 0:00:03]} Qh6 {[%emt 0:00:28]} 30. Qxh6+ {[%emt 0:00:33]} Kxh6 {[%emt 0:00:02]} 31. h3 {[%emt 0:00:10]} Rxe4 {[%emt 0:00:10]} 32. dxe4 {[%emt 0:01:00]} d3 {[%emt 0:00:01]} 33. Rxe3 {[%emt 0:00:25]} fxe3 {[%emt 0:00:02]} 34. Kf1 {[%emt 0:00:02]} Kg5 {[%emt 0:00:06]} 35. g3 {[%emt 0:00:12]} Kf6 {[%emt 0:00:06]} 36. g4 {[%emt 0:01:34]} Ke5 {[%emt 0:00:10]} 37. g5 {[%emt 0:00:24]} Kxe4 {[%emt 0:00:07]} 38. g6 {[%emt 0:00:03]} Kf3 {[%emt 0:00:05]} 0-1

[Event "FIDE Online-ch U12 Girls 2020"]
[Site "Online"]
[Date "2020.12.19"]
[Round "3.1"]
[White "Kleymenova, Valeria"]
[Black "Tang, Zoey"]
[Result "1/2-1/2"]
[WhiteElo "2018"]
[BlackElo "1871"]
[Annotator "TA"]
[PlyCount "180"]
[EventDate "2020.12.18"]
[EventType "k.o."]
[EventCountry "NET"]
[SourceTitle "playchess.com"]
[Source "ChessBase"]
[SourceQuality "1"]

{[%evp 12,180,19,-32,15,14,49,44,39,37,43,16,15,-17,5,8,0,0,27,-61,0,0,60,-134,-142,-131,-33,-25,22,27,54,61,66,0,4,-18,0,-136,-159,-87,192,187,176,161,387,385,863,850,814,785,816,576,548,506,506,493,500,484,459,349,521,506,578,572,548,535,524,507,531,289,281,282,435,433,432,350,349,331,324,263,261,260,258,175,169,0,170,131,180,162,184,156,171,118,106,109,186,24,21,52,50,-8,-8,-8,-8,-8,0,0,0,0,0,0,0,-75,-2,-2,-8,-8,-2,-2,-2,-2,18,18,18,18,18,18,18,18,18,18,18,18,18,18,18,18,18,16,16,16,16,16,18,18,16,16,16,16,16,16,16,12,12,9,12,12,12,12,12,12,12,12,12,12,12,12,12,12,12]} 1. d4 Nf6 2. Nf3 g6 3. c4 Bg7 4. g3 O-O 5. Bg2 c6 6. Nc3 d5 7. b3 ({White should play} 7. cxd5 $11 cxd5 8. Bf4) 7... Ne4 {D73: Fianchetto Grünfeld: 5 Nf3 .} 8. Bb2 $1 f5 9. O-O e6 {[#] White is slightly better.} 10. Rc1 $146 ({Predecessor:} 10. Qc2 Nd7 11. a4 Rb8 12. a5 b5 13. axb6 axb6 14. e3 Re8 15. Ne2 Bb7 16. Nf4 {1-0 (35) Liedl,W (2420)-Yloenen,O (2462) ICCF email 2016}) 10... Nd7 11. Qd3 Qe7 12. Nd2 Ndf6 13. f3 Nxd2 14. Qxd2 Bd7 15. e4 (15. Nb1 $11) 15... dxe4 (15... fxe4 $1 $15 16. Na4 (16. fxe4 Ng4 $15) 16... exf3 17. Bxf3 b6) 16. fxe4 $11 Ng4 (16... e5 $11) 17. Qd3 $2 (17. Rce1 $1 $14) 17... e5 $17 18. Na4 Rad8 ({Better is} 18... f4 $1 $17 {[%cal Rf4g3]} 19. d5 fxg3 20. Qxg3 Bh6) 19. h3 $15 fxe4 20. Qxe4 (20. Bxe4 Rxf1+ 21. Rxf1 Nh6 $17) 20... Bf5 21. Qe2 Nh6 22. dxe5 (22. g4 $14) 22... Nf7 $132 {[%mdl 2048] Black is fighting back} 23. Rfe1 Bd3 24. Qe3 (24. Qf2 $1 $11) 24... Bh6 $17 25. Qc5 {[#]} Qxc5+ $4 {[%mdl 8192]} (25... Qe6 $1 $17 26. Rcd1 (26. Qxa7 Ng5 $17) 26... Ng5) 26. Nxc5 $18 Bxc1 27. Bxc1 {Black must now prevent e6.} Rfe8 $2 (27... Bxc4 28. bxc4 Nxe5) 28. e6 Nh8 $2 (28... Bc2 29. exf7+ {[%mdl 64] Discovered Attack} Kxf7 30. Rf1+ Kg7 31. Nxb7 Rd1 32. Bb2+ Kg8) 29. Nxb7 Rb8 30. Bxc6 Bf5 31. Bxe8 Rxe8 32. Nc5 Bxh3 33. Kh2 Bf5 34. Bg5 Kg7 35. Kg2 h6 (35... Nf7 {is a better defense.}) 36. Bd2 g5 37. Bc3+ Kg8 38. Re5 Bg4 39. Re4 Bf5 40. Re3 Ng6 41. b4 h5 (41... Nf8 $142 42. Kf3 Bxe6 43. Nxe6 Nxe6) 42. Bf6 g4 43. Bc3 Ne7 44. Nd7 Rc8 45. Nf6+ Kf8 46. c5 (46. Nxh5 $6 Rxc4 47. Bg7+ Ke8 $18) 46... Rc6 47. Nd7+ ({But not} 47. Nxh5 $6 Rxe6 48. Be5 Nd5 $16) 47... Ke8 48. Nf6+ Kf8 $1 49. Nxh5 Bxe6 50. a3 Nd5 {[#]} 51. Rd3 $1 Bf5 52. Bg7+ ({Inferior is} 52. Rxd5 Be4+ 53. Kf2 Bxd5 $11) (52. Rd4 $18) 52... Kf7 $16 53. Rd4 Bg6 (53... Ra6 $16) 54. Be5 $2 (54. Kg1 $18) 54... Ne3+ $11 55. Kf2 Nf5 $1 {[%cal Rf5d4]} 56. Rf4 (56. Rd7+ $14 Ke8 57. b5 (57. Rxa7 Bxh5 58. b5 Rxc5 $14 {[%mdl 64] Double Attack}) 57... Kxd7 58. bxc6+ Kxc6 59. Nf6) 56... Ke6 57. Bb8 Bxh5 58. Re4+ Kd7 59. Bxa7 Ra6 60. Bb8 Rxa3 {aiming for ...Rb3.} 61. b5 {Cut Off at move 61} Rf3+ 62. Ke2 (62. Ke1 $1 $11 {remains equal.}) 62... Nxg3+ (62... Kc8 $17 63. Bf4 Nxg3+ 64. Bxg3 Rxg3) 63. Bxg3 {The position is equal.} Rxg3 $17 {[%mdl 4096] Endgame KRB-KR} 64. c6+ $1 Kd6 {Hoping for ...Rc3.} 65. Rd4+ Kc7 {...Rb3 is the strong threat.} 66. Rd7+ Kc8 {Strongly threatening ...Rb3.} 67. b6 $1 {[%cal Rb6b7] Threatening mate with b7+.} Rb3 68. b7+ Kb8 69. Rd8+ {[#]} Kc7 $1 {[%mdl 64] Double Attack} 70. Rc8+ Kd6 71. b8=Q+ Rxb8 72. Rxb8 {And now Rh8 would win.} Kxc6 $11 {KR-KB} 73. Kf2 Bf7 74. Kg3 Be6 75. Re8 Kd5 76. Kf4 Kd6 77. Ra8 Bd7 78. Ra6+ Kd5 79. Ra1 Kd6 80. Rd1+ Ke7 81. Ke5 Bc6 82. Rc1 Kd7 83. Rc4 Bf3 84. Rc3 Bc6 85. Ra3 Bf3 86. Kd4 Ke6 87. Ke3 Ke5 88. Ra5+ Ke6 89. Kf4 Kd6 90. Ra6+ Kd5 {Black escapes into a draw.  Weighted Error Value: White=0.49/Black=0.54} 1/2-1/2